Постройка железных дорог. Т. 1 (Запись № 13617139)

Подробности
000 -МАРКЕР
контрольное поле 01935nam2a2200289 4500
001 - ИДЕНТИФИКАТОР ЗАПИСИ
контрольное поле rc\3010541
005 - ИДЕНТИФИКАТОР ВЕРСИИ
контрольное поле 20260315064142.0
035 ## - ДРУГИЕ СИСТЕМНЫЕ НОМЕРА
Идентификатор записи (NLR Aleph) 007153104
100 ## - ДАННЫЕ ОБЩЕЙ ОБРАБОТКИ
Данные общей обработки 20110923d1945 u y0rusy50 ca
101 0# - ЯЗЫК РЕСУРСА
Язык текста, звукозаписи и т.д. русский
102 ## - СТРАНА ПУБЛИКАЦИИ ИЛИ ПРОИЗВОДСТВА
Страна публикации Российская Федерация
105 ## - ПОЛЕ КОДИРОВАННЫХ ДАННЫХ: ТЕКСТОВЫЕ МАТЕРИАЛЫ, МОНОГРАФИЧЕСКИЕ
Кодированные данные о монографическом текстовом документе a z |||||
200 0# - ЗАГЛАВИЕ И СВЕДЕНИЯ ОБ ОТВЕТСТВЕННОСТИ
Основное заглавие Т. 1
210 ## - ПУБЛИКАЦИЯ, РАСПРОСТРАНЕНИЕ И ДР.
Дата издания, распространения и т.д. 1945
215 ## - ФИЗИЧЕСКАЯ ХАРАКТЕРИСТИКА
Специфическое обозначение материала и объем 351 с., 3 л. черт.
Другие сведения о физической характеристике ил., черт.
300 ## - ОБЩИЕ ПРИМЕЧАНИЯ
Текст примечания В составлении 2-го изд. принимали участие также: доц. С.С. Ульрих, инж. В.Н. Попов, доц. М.М. Порфирьев и др.
300 ## - ОБЩИЕ ПРИМЕЧАНИЯ
Текст примечания 1-е изд. вышло под загл.: Изыскания, проектирование и постройка железных дорог, т. III
461 #0 - УРОВЕНЬ НАБОРА
Встроенное поле 001rc\3010539
-- 2001#$aПостройка железных дорог$eДопущ. ВКВШ при СНК СССР в качестве учебника для втузов ж.-д. транспорта$fпроф. Д.Д. Бизюкин, проф. В.К. Гониг, проф. А.В. Ливеровский$vТ. 1
-- 700#1$aБизюкин$bД.Д.$gДмитрий Дмитриевич$f1885-1954
Системный номер (АБИС) связанной записи 7172060
Автор Бизюкин, Д.Д. (1885-1954)
Место публикации Москва
Дата публикации 1945
Издание 2-е изд. перераб. Под общ. ред. проф. А. В. Ливеровского
Первые сведения об ответственности проф. Д.Д. Бизюкин, проф. В.К. Гониг, проф. А.В. Ливеровский
Имя издателя, распространителя и т.д. изд-во и 1-я тип. Трансжелдориздата
Сведения, относящиеся к заглавию Допущ. ВКВШ при СНК СССР в качестве учебника для втузов ж.-д. транспорта
Заглавие Постройка железных дорог
Номер тома Т. 1
702 #1 - ИМЯ ЛИЦА - ВТОРИЧНАЯ ОТВЕТСТВЕННОСТЬ
Начальный элемент ввода Ульрих
Часть имени, кроме начального элемента ввода С.С.
Код отношения Составитель
702 #1 - ИМЯ ЛИЦА - ВТОРИЧНАЯ ОТВЕТСТВЕННОСТЬ
Начальный элемент ввода Попов
Часть имени, кроме начального элемента ввода В.Н.
Код отношения Составитель
702 #1 - ИМЯ ЛИЦА - ВТОРИЧНАЯ ОТВЕТСТВЕННОСТЬ
Начальный элемент ввода Порфирьев
Часть имени, кроме начального элемента ввода М.М.
Код отношения Составитель
801 #0 - ИСТОЧНИК ЗАПИСИ
Страна Российская Федерация
Организация NLR
Правила каталогизации psbo
801 #1 - ИСТОЧНИК ЗАПИСИ
Страна Российская Федерация
Организация ELAR
Источник данных rusmarc
852 ## - МЕСТОНАХОЖДЕНИЕ И ШИФР ХРАНЕНИЯ
Идентификатор организации NLR
Шифр хранения (Call Number) Т88 Г-5/87
942 ## - ДОПОЛНИТЕЛЬНЫЕ ЭЛЕМЕНТЫ ЗАПИСИ (АБИС)
Тип экземпляра АБИС Неопределено
980 ## - КОЛЛЕКЦИЯ
Название коллекции Национальная библиография

Нет доступных экземпляров.